LIBRARY & INFORMATION CENTRE, KCAET, TAVANUR

ONLINE PUBLIC ACCESS CATALOGUE (OPAC)

Pyar ki pukar (Record no. 4096)

MARC details
000 -LEADER
fixed length control field 00394cam a2200181ua 4500
041 ## - LANGUAGE CODE
Language code of text/sound track or separate title hin
082 ## - DEWEY DECIMAL CLASSIFICATION NUMBER
Classification number 891.54
Item number ABB/PY
100 ## - MAIN ENTRY--AUTHOR NAME
Personal name Abbas, Kwaja Ahmad .
245 ## - TITLE STATEMENT
Title Pyar ki pukar
260 ## - PUBLICATION, DISTRIBUTION, ETC. (IMPRINT)
Place of publication :
Name of publisher Hind Pocket Books Pvt Ltd ,
Year of publication 1963.
300 ## - PHYSICAL DESCRIPTION
Number of Pages 112 ; .
942 ## - ADDED ENTRY ELEMENTS (KOHA)
Koha item type Books
Holdings
Withdrawn status Lost status Damaged status Home library Current library Date acquired Full call number Accession Number Koha item type
Withdrawn     KAUAET Sanskrit University 07/04/2012 891.54 5791 Books
Withdrawn     KAUAET Sanskrit University 07/04/2012 891.54 1891 Books
free website counter